000
00284nam a22001217a 4500
008
230522b |||||||| |||| 00| 0 eng d
082
_a
616.865 TARH
100
_a
TARGET,George
245
_a
How to stop smoking
260
_a
Delhi
_b
Sudha Publ.
300
_a
103p.
942
_2
ddc
_c
BK
999
_c
2885
_d
2885